|
|
|
|
| LEADER |
00000nam a2200000Ii 4500 |
| 001 |
DIGUANTIQ046 |
| 003 |
NyNyDIG |
| 007 |
cr ||||||||||| |
| 008 |
230313s2022 ck o 000 0 spa d |
| 006 |
m o d |
| 020 |
|
|
|a 9786287519961
|q eBook
|
| 020 |
|
|
|z 9786287519954
|
| 035 |
|
|
|a (OCoLC)1346364139
|
| 040 |
|
|
|a DGITA
|b eng
|e rda
|e pn
|c DGITA
|
| 050 |
1 |
4 |
|a BF77 ebook
|
| 100 |
1 |
|
|a Lopera Echavarría, Juan Diego,
|e author.
|
| 245 |
1 |
3 |
|a Un modelo de formación analítica para psicólogos :
|b presupuestos filosóficos, conceptuales y metodológicos /
|c Juan Diego Lopera Echavarría, Mildred Estefanía Roldán López y Claudia Juliet Ospina Ospina.
|
| 264 |
|
1 |
|a Medellín, Colombia, Suramérica :
|b Universidad de Antioquia,
|c [2022]
|
| 300 |
|
|
|a 1 online resource.
|
| 336 |
|
|
|a text
|b txt
|2 rdacontent
|
| 337 |
|
|
|a computer
|b c
|2 rdamedia
|
| 338 |
|
|
|a online resource
|b cr
|2 rdacarrier
|
| 347 |
|
|
|a text file
|2 rdaft
|
| 347 |
|
|
|b EPUB
|
| 490 |
1 |
|
|a FCSH Investigación.
|a Psicología
|
| 588 |
0 |
|
|a Online resource; title from ePub title page (Digitalia, viewed March 13, 2023)
|
| 650 |
|
0 |
|a Psychologists
|x Training of.
|
| 650 |
|
0 |
|a Psychology
|x Study and teaching (Higher)
|
| 700 |
1 |
|
|a Roldán López, Mildred Estefanía,
|e author.
|
| 700 |
1 |
|
|a Ospina Ospina, Claudia Juliet,
|e author.
|
| 791 |
2 |
|
|a Digitalia (Firm),
|e distributor.
|
| 793 |
0 |
|
|g Digitalia eBook Collection:
|a Universidad de Antioquia
|
| 776 |
0 |
8 |
|i Print version:
|a Lopera Echavarría, Juan Diego.
|t Modelo de formación analítica para psicólogos.
|b Primera edición.
|d Medellín, Colombia, Suramérica : Universidad de Antioquia, [2022]
|z 9786287519954
|
| 830 |
|
0 |
|a FCSH investigación (Universidad de Antioquia. Facultad de Ciencias Sociales y Humanas).
|p Psicología.
|
| 856 |
4 |
0 |
|3 Digitalia Hispánica
|u https://www.digitaliapublishing.com/a/119180/
|
| 910 |
|
|
|a Premium collection: 2023
|